000 01033nam a2200265 a 4500
001 000017616
005 20251120073732.0
008 100329s1983 dr r 000 0 spa d
040 _aDO-SdBNP
_bspa
_cBNPHU
082 _a086.1
_bR666p
100 1 _aRobles Toledano, Oscar A.,
_q(Oscar Antonio)
_d1912-
_938417
245 1 0 _aP. R. Thompson :
_bcartas a El Caribe /
_cOscar A. Robles Toledano; prólogo Ramón Tapia Espinal.
260 _aSanto Domingo :
_bUCMM,
_c1983.
300 _a3v. ;
_c21 cm.
490 1 _aDocumentos
_v94
500 _aIncluye datos biográficos del autor en la solapa de la contracubierta
590 _aInventariado,2018/DG
600 1 4 _aROBLES TOLEDANO, OSCAR ANTONIO,
_d1912-1992
_xCORRESPONDENCIAS, MEMORIAS, ETC.
_938418
650 4 _aArtículos de prensa
_943
700 1 _aTapia Espinal, Ramón,
_epról.
_938419
710 2 _aPontificia Universidad Católica Madre y Maestra
_9843
740 0 2 _aCartas a El Caribe
830 0 _aDocumentos
_n94
_938420
910 _aValidado. Control de calidad. MFF
999 _c17141
_d17141